2004 AIChE Spring National meeting conference proceedings.

Guardado en:
Autor Corporativo: American Institute of Chemical Engineers (Spring meeting New Orleans, LA)
Formato: Electrónico
Idioma:English
Publicado: New York : AICHE, 2004.
Materias:
Etiquetas: Agregar Etiqueta
Sin Etiquetas, Sea el primero en etiquetar este registro!
LEADER 00808nmm a22002055a 4500
001 EIQ.libpla002816
008 070828s2004####nyu########m########eng#d
005 20080707151245.0
245 1 0 |a 2004 AIChE Spring National meeting  |h [recurso electrónico] :  |b conference proceedings. 
256 |a Datos electrónicos 
260 |a New York :  |b AICHE,  |c 2004. 
300 |a 1 CD-ROM ;  |c 12 cm. 
500 |a Título de pantalla. 
538 |a Requerimiento del sistema: IBM compatible PC; Adobe Acrobat Reader. 
020 |a 0816909423 (CD-ROM) 
111 2 |a American Institute of Chemical Engineers (Spring meeting  |d (2004 :  |c New Orleans, LA) 
650 4 |a Ingeniería química  |x Congresos. 
650 4 |a Chemical engineering  |x Congresses. 
040 |a AR-BbSID  |b spa  |c AR-BbSID 
859 |a AR-BbSID  |b BIB. PLAPIQUI  |h 660.2  |i Am 35  |p 5740